[Event "BL2-Nord 0708"]
[Site "Germany"]
[Date "2008.04.20"]
[Round "9.4"]
[White "Buchenau, Frank"]
[Black "Stanke, Juergen"]
[Result "1-0"]
[WhiteElo "2339"]
[BlackElo "2308"]
[PlyCount "155"]
[EventDate "2007.10.21"]
[EventType "team-tourn"]
[EventRounds "9"]
[EventCountry "GER"]
[SourceTitle "EXT 2009"]
[Source "ChessBase"]
[SourceDate "2008.11.26"]
[SourceVersion "1"]
[SourceVersionDate "2008.11.26"]
[SourceQuality "1"]
[WhiteTeam "Goettingen Tempo"]
[BlackTeam "Hamburger SK  II"]
[WhiteTeamCountry "GER"]
[BlackTeamCountry "GER"]

1. e4 c5 2. f4 g6 3. Nf3 Bg7 4. Be2 Nc6 5. 0-0 d6 6. c3 d5 7. e5 Bg4 8. h3 Bxf3 9. Bxf3 e6 10. Na3 Qd7 11. d4 cxd4 12. cxd4 Nge7 13. g4 Rc8 14. Nc2 0-0 15. Be3 Rc7 16. Qd2 Rfc8 17. Ne1 b6 18. Be2 Na5 19. b3 Nb7 20. Bd3 f5 21. Nf3 Nc6 22. b4 Bf8 23. a3 Ncd8 24. Qe2 Qa4 25. Bd2 Be7 26. Bb5 Qb3 27. Rfb1 Qc2 28. Ne1 Qe4 29. Qf2 Nc6 30. Be3 Bh4 31. Qd2 Bxe1 32. Rxe1 Qf3 33. Qg2 Qxg2+ 34. Kxg2 Ne7 35. Kf3 Kf7 36. Rec1 Rxc1 37. Rxc1 Rxc1 38. Bxc1 Nd8 39. Bd2 Ndc6 40. Bc3 Nb8 41. Bd3 Nbc6 42. b5 Nb8 43. Bb4 Nd7 44. Kg3 Ng8 45. Kh4 Nh6 46. Kg5 Kg7 47. Be2 Nf7+ 48. Kh4 Nh6 49. Bd6 Nf7 50. Be7 Nh6 51. Bf3 Kf7 52. Bd6 Kg7 53. Bxd5 exd5 54. e6 Nf6 55. g5 Ne4 56. Be5+ Kf8 57. gxh6 Nc3 58. Bd6+ Ke8 59. a4 Nxa4 60. Bb4 Nb2 61. Kg5 Nd3 62. Ba3 Nf2 63. Kf6 Nxh3 64. Ke5 g5 65. fxg5 Nxg5 66. Kxf5 Ne4 67. Bb4 Nf2 68. Kf6 Nd3 69. Bd6 Nf2 70. Kg7 Ne4 71. Bb4 Ng5 72. e7 Kd7 73. Kf8 Ne6+ 74. Kg8 Ke8 75. Kxh7 Kf7 76. e8Q+ Kxe8 77. Kg6 Nf4+ 78. Kf5 1-0

[Event "BL2-Nord 0708"]
[Site "Germany"]
[Date "2008.03.09"]
[Round "7.4"]
[White "Von Herman, Ulf"]
[Black "Stanke, Juergen"]
[Result "1-0"]
[WhiteElo "2365"]
[BlackElo "2308"]
[PlyCount "75"]
[EventDate "2007.10.21"]
[EventType "team-tourn"]
[EventRounds "9"]
[EventCountry "GER"]
[SourceTitle "EXT 2009"]
[Source "ChessBase"]
[SourceDate "2008.11.26"]
[SourceVersion "1"]
[SourceVersionDate "2008.11.26"]
[SourceQuality "1"]
[WhiteTeam "Koenig Tegel"]
[BlackTeam "Hamburger SK  II"]
[WhiteTeamCountry "GER"]
[BlackTeamCountry "GER"]

1. d4 Nf6 2. c4 d6 3. Nf3 Nbd7 4. Nc3 e5 5. Bg5 h6 6. Bh4 Be7 7. e3 c6 8. Qc2 a6 9. Be2 0-0 10. 0-0-0 Qa5 11. g4 b5 12. c5 b4 13. Na4 e4 14. cxd6 exf3 15. dxe7 fxe2 16. exf8Q+ Nxf8 17. Rde1 g5 18. Bg3 Bxg4 19. b3 Rc8 20. Kb2 N8d7 21. Rc1 Bf3 22. Rhe1 Ne4 23. Rxe2 Bxe2 24. Qxe2 Qb5 25. Qg4 Nef6 26. Qd1 Nb6 27. Nxb6 Qxb6 28. h4 Qa5 29. hxg5 hxg5 30. Qf3 Qa3+ 31. Kb1 Nd5 32. Qf5 Nc3+ 33. Rxc3 bxc3 34. Qxc8+ Kg7 35. Be5+ f6 36. Bxf6+ Kg6 37. Qe8+ Kxf6 38. Qxc6+ 1-0

[Event "BL2-Nord 0708"]
[Site "Germany"]
[Date "2007.12.08"]
[Round "6.4"]
[White "Stanke, Juergen"]
[Black "Thiede, Lars"]
[Result "1/2-1/2"]
[WhiteElo "2308"]
[BlackElo "2468"]
[PlyCount "104"]
[EventDate "2007.10.21"]
[EventType "team-tourn"]
[EventRounds "9"]
[EventCountry "GER"]
[SourceTitle "EXT 2009"]
[Source "ChessBase"]
[SourceDate "2008.11.26"]
[SourceVersion "1"]
[SourceVersionDate "2008.11.26"]
[SourceQuality "1"]
[WhiteTeam "Hamburger SK  II"]
[BlackTeam "Berlin SF"]
[WhiteTeamCountry "GER"]
[BlackTeamCountry "GER"]

1. c4 Nf6 2. Nc3 g6 3. g3 Bg7 4. Bg2 0-0 5. e4 d6 6. Nge2 c5 7. 0-0 Nc6 8. Rb1 Bd7 9. a3 a5 10. b3 Ne8 11. Bb2 Nc7 12. d3 Rb8 13. a4 Nd4 14. Nxd4 Bxd4 15. Ne2 Bxb2 16. Rxb2 e5 17. f4 f6 18. Qd2 b6 19. Rbb1 Qe7 20. Nc3 Rbe8 21. f5 Qg7 22. Bh3 Re7 23. Rf2 h5 24. Kh1 g5 25. Bg2 g4 26. Kg1 Kf7 27. Kf1 Rh8 28. Qe3 h4 29. Ke2 Kf8 30. Rg1 Rh6 31. Kd2 Qh8 32. Qe2 Rg7 33. Bf1 Be8 34. Bg2 Bf7 35. Kc1 Ke7 36. Kb2 Na6 37. Qe3 Nb4 38. Na2 Nc6 39. Nc3 Rh5 40. Nb5 Nb4 41. Na3 Qh6 42. Qxh6 Rxh6 43. Kc3 hxg3 44. hxg3 Rh2 45. Nc2 Nxc2 46. Kxc2 Rgh7 47. Rd2 Kf8 48. Kd1 Kg7 49. Ke1 Kh6 50. Rh1 Rxh1+ 51. Bxh1 Kg5 52. Bg2 Rh8 1/2-1/2

[Event "BL2-Nord 0708"]
[Site "Germany"]
[Date "2007.11.04"]
[Round "2.6"]
[White "Stanke, Juergen"]
[Black "Sell, Achim"]
[Result "1/2-1/2"]
[WhiteElo "2308"]
[BlackElo "2247"]
[PlyCount "65"]
[EventDate "2007.10.21"]
[EventType "team-tourn"]
[EventRounds "9"]
[EventCountry "GER"]
[SourceTitle "EXT 2009"]
[Source "ChessBase"]
[SourceDate "2008.11.26"]
[SourceVersion "1"]
[SourceVersionDate "2008.11.26"]
[SourceQuality "1"]
[WhiteTeam "Hamburger SK  II"]
[BlackTeam "Preetz"]
[WhiteTeamCountry "GER"]
[BlackTeamCountry "GER"]

1. c4 c6 2. Nf3 d6 3. d4 Bg4 4. e4 e5 5. Be2 Nd7 6. Be3 Be7 7. Nc3 Ngf6 8. Nd2 Bxe2 9. Qxe2 0-0 10. d5 cxd5 11. cxd5 a6 12. 0-0 Rc8 13. a4 Ne8 14. Rac1 Bg5 15. Bxg5 Qxg5 16. Nc4 Ndf6 17. g3 Nh5 18. Kh1 g6 19. b3 Rc7 20. a5 f6 21. Qe3 Qg4 22. Ne2 Rcf7 23. f3 Qh3 24. f4 Qd7 25. Kg2 exf4 26. Nxf4 Nxf4+ 27. Rxf4 f5 28. exf5 Rxf5 29. Rcf1 Rxf4 30. Rxf4 Rxf4 31. Qxf4 Qf7 32. Qxf7+ Kxf7 33. Kf3 1/2-1/2

[Event "BL2-Nord 0708"]
[Site "Germany"]
[Date "2007.10.21"]
[Round "1.5"]
[White "Lichmann, Peter"]
[Black "Stanke, Juergen"]
[Result "1/2-1/2"]
[WhiteElo "2324"]
[BlackElo "2308"]
[PlyCount "114"]
[EventDate "2007.10.21"]
[EventType "team-tourn"]
[EventRounds "9"]
[EventCountry "GER"]
[SourceTitle "EXT 2009"]
[Source "ChessBase"]
[SourceDate "2008.11.26"]
[SourceVersion "1"]
[SourceVersionDate "2008.11.26"]
[SourceQuality "1"]
[WhiteTeam "Werder Bremen  II"]
[BlackTeam "Hamburger SK  II"]
[WhiteTeamCountry "GER"]
[BlackTeamCountry "GER"]

1. d4 Nf6 2. c4 e6 3. Nc3 d5 4. cxd5 exd5 5. Bg5 Be7 6. e3 c6 7. Bd3 Ne4 8. Bxe7 Qxe7 9. Bxe4 dxe4 10. Qc2 f5 11. g4 Na6 12. a3 0-0 13. Nge2 fxg4 14. Ng3 c5 15. d5 Bf5 16. Nxf5 Rxf5 17. 0-0-0 Rd8 18. Qe2 Qd7 19. Qxg4 Rxf2 20. Qh4 Rf5 21. Rhg1 Kh8 22. Nxe4 Rxd5 23. Nc3 Rd3 24. Rxd3 Qxd3 25. Qe7 Qd2+ 26. Kb1 Rg8 27. h4 Qd8 28. Qxb7 Qd3+ 29. Ka1 Qxe3 30. Rd1 Qe6 31. Qxa7 h6 32. Qd7 Re8 33. Nb5 Qe2 34. Rg1 Qe7 35. Qxe7 Rxe7 36. Ka2 Kh7 37. Rd1 Re6 38. h5 Re5 39. Rd6 c4 40. Rxa6 Rxb5 41. Rc6 Rxh5 42. Rxc4 Rf5 43. b4 g5 44. a4 h5 45. b5 g4 46. b6 Rf2+ 47. Ka3 Rf3+ 48. Kb2 Rf2+ 49. Kc3 Rf3+ 50. Kd2 g3 51. Ke2 Rf2+ 52. Ke3 Rb2 53. a5 g2 54. Rc1 Rb5 55. Kf2 Rxa5 56. Rb1 Ra8 57. Kxg2 Kg6 1/2-1/2

[Event "BL2-Nord 0607"]
[Site "Germany"]
[Date "2007.02.04"]
[Round "5.4"]
[White "Stanke, Juergen"]
[Black "Dietz, Juergen"]
[Result "0-1"]
[WhiteElo "2320"]
[BlackElo "2240"]
[PlyCount "78"]
[EventDate "2006.10.15"]
[EventType "team-tourn"]
[EventRounds "9"]
[EventCountry "GER"]
[SourceTitle "EXT 2008"]
[Source "ChessBase"]
[SourceDate "2007.11.25"]
[SourceVersion "1"]
[SourceVersionDate "2007.11.25"]
[SourceQuality "1"]
[WhiteTeam "Hamburger SK II"]
[BlackTeam "Hamburg Schachfreunde"]
[WhiteTeamCountry "GER"]
[BlackTeamCountry "GER"]

1. c4 f5 2. Nc3 Nf6 3. g3 d6 4. Bg2 g6 5. Nf3 Bg7 6. d4 0-0 7. 0-0 Qe8 8. Re1 h6 9. d5 Na6 10. Nd4 Nc5 11. Nb3 e5 12. dxe6 Nxe6 13. e4 f4 14. Nd5 fxg3 15. fxg3 Nd7 16. Be3 Ne5 17. Rc1 c6 18. Nb4 Qe7 19. c5 dxc5 20. Nxc5 Ng5 21. Bxg5 hxg5 22. Nbd3 Bg4 23. Qb3+ Rf7 24. Nxe5 Bxe5 25. Nd3 Bd4+ 26. Kh1 Be6 27. Qa4 Rd8 28. Rf1 Rh7 29. Nf2 Bxb2 30. Rb1 Bd4 31. Rbd1 b5 32. Qc2 c5 33. e5 Qg7 34. h3 Rf8 35. Ne4 Qxe5 36. Rxf8+ Kxf8 37. Nxc5 Bxh3 38. Qxg6 Bxg2+ 39. Kxg2 Qe2# 0-1

[Event "GER-ch 78th"]
[Site "Bad Koenigshofen"]
[Date "2007.01.27"]
[Round "9"]
[White "Stanke, Juergen"]
[Black "Reinhardt, Bernd"]
[Result "1/2-1/2"]
[WhiteElo "2323"]
[BlackElo "2347"]
[PlyCount "35"]
[EventDate "2007.01.19"]
[EventType "swiss"]
[EventRounds "9"]
[EventCountry "GER"]
[SourceTitle "CBM 116 Extra"]
[Source "ChessBase"]
[SourceDate "2007.03.07"]
[SourceVersion "1"]
[SourceVersionDate "2007.03.07"]
[SourceQuality "1"]

1. c4 e5 2. Nc3 Nf6 3. Nf3 Nc6 4. d3 d5 5. cxd5 Nxd5 6. e3 Be7 7. Be2 0-0 8. 0-0 Be6 9. Qc2 f6 10. a3 a5 11. b3 Nb6 12. Rb1 Qd7 13. Rd1 Rfd8 14. Bb2 Qe8 15. Nd2 Qg6 16. Nce4 Nd7 17. Bf3 Ra6 18. Kh1 1/2-1/2

[Event "GER-ch 78th"]
[Site "Bad Koenigshofen"]
[Date "2007.01.26"]
[Round "8"]
[White "Hamann, Carsten"]
[Black "Stanke, Juergen"]
[Result "0-1"]
[WhiteElo "2216"]
[BlackElo "2323"]
[PlyCount "140"]
[EventDate "2007.01.19"]
[EventType "swiss"]
[EventRounds "9"]
[EventCountry "GER"]
[SourceTitle "CBM 116 Extra"]
[Source "ChessBase"]
[SourceDate "2007.03.07"]
[SourceVersion "1"]
[SourceVersionDate "2007.03.07"]
[SourceQuality "1"]

1. e4 c5 2. b4 cxb4 3. a3 d5 4. exd5 Qxd5 5. Nf3 e5 6. c4 Qe6 7. Bb2 Nc6 8. Bd3 Nf6 9. 0-0 Bc5 10. axb4 Nxb4 11. Nxe5 0-0 12. Be2 Nc6 13. Nf3 Rd8 14. d4 Nxd4 15. Nxd4 Bxd4 16. Bxd4 Qe4 17. Nc3 Qxd4 18. Qb3 Qc5 19. Rfd1 Bg4 20. Qxb7 Bxe2 21. Nxe2 Qxc4 22. Ng3 Rxd1+ 23. Rxd1 Qc8 24. Qf3 Qe8 25. h4 a5 26. h5 h6 27. Rd3 Qe1+ 28. Kh2 Re8 29. Rd4 Qe5 30. Rf4 Qg5 31. Kh3 Re5 32. Rh4 Re1 33. Qc3 Qc1 34. Qxa5 Qc8+ 35. Kh2 Rd1 36. Qa4 Rd2 37. Qa7 Ng4+ 38. Rxg4 Qxg4 39. Qb8+ Kh7 40. Qb1+ g6 41. hxg6+ Qxg6 42. Qe1 Rd4 43. Qe7 Qe6 44. Qxe6 fxe6 45. f3 Rh4+ 46. Kg1 Kg6 47. Kf2 Kf6 48. Ke3 Ke5 49. Ne4 Rh2 50. Kf2 Rh1 51. Kg3 Re1 52. Nf2 Kf5 53. Nd3 Re3 54. Nf2 h5 55. Nh3 Re2 56. Ng1 h4+ 57. Kh2 Rf2 58. Nh3 Rf1 59. Ng1 Re1 60. Nh3 Ke5 61. Nf2 Kd4 62. Kh3 Rf1 63. Ne4 Rh1+ 64. Kg4 Ke3 65. Ng5 e5 66. Nf7 Kf2 67. Nxe5 Kxg2 68. f4 h3 69. Kg5 Rg1 70. f5 h2 0-1

[Event "GER-ch 78th"]
[Site "Bad Koenigshofen"]
[Date "2007.01.25"]
[Round "7"]
[White "Stanke, Juergen"]
[Black "Tabatt, Hendrik"]
[Result "0-1"]
[WhiteElo "2323"]
[BlackElo "2228"]
[PlyCount "86"]
[EventDate "2007.01.19"]
[EventType "swiss"]
[EventRounds "9"]
[EventCountry "GER"]
[SourceTitle "CBM 116 Extra"]
[Source "ChessBase"]
[SourceDate "2007.03.07"]
[SourceVersion "1"]
[SourceVersionDate "2007.03.07"]
[SourceQuality "1"]

1. e4 e5 2. Nc3 Nf6 3. Nf3 Nc6 4. g3 Bc5 5. Bg2 d6 6. d3 h6 7. Na4 Bg4 8. h3 Be6 9. Nxc5 dxc5 10. b3 Nd7 11. Bb2 0-0 12. 0-0 a5 13. a4 Re8 14. Kh2 f6 15. Nh4 Nd4 16. Nf5 Nf8 17. Nxd4 cxd4 18. f4 exf4 19. gxf4 f5 20. Qf3 c6 21. Rae1 Qd7 22. Re2 Nh7 23. Qf2 c5 24. Rfe1 Rad8 25. exf5 Bxf5 26. Rxe8+ Rxe8 27. Rxe8+ Qxe8 28. Bxb7 Bxh3 29. Bd5+ Kh8 30. Kxh3 Qh5+ 31. Kg2 Qxd5+ 32. Qf3 Nf6 33. Qxd5 Nxd5 34. Ba3 Nb4 35. Kf3 h5 36. Ke4 g6 37. Bxb4 cxb4 38. Kxd4 Kg7 39. Ke4 Kf6 40. Kf3 Ke6 41. Kg2 Kf5 42. Kg3 g5 43. fxg5 Kxg5 0-1

[Event "GER-ch 78th"]
[Site "Bad Koenigshofen"]
[Date "2007.01.22"]
[Round "4"]
[White "Bastian, Herbert"]
[Black "Stanke, Juergen"]
[Result "1/2-1/2"]
[WhiteElo "2411"]
[BlackElo "2323"]
[PlyCount "131"]
[EventDate "2007.01.19"]
[EventType "swiss"]
[EventRounds "9"]
[EventCountry "GER"]
[SourceTitle "CBM 116 Extra"]
[Source "ChessBase"]
[SourceDate "2007.03.07"]
[SourceVersion "1"]
[SourceVersionDate "2007.03.07"]
[SourceQuality "1"]

1. e4 c5 2. Nc3 Nc6 3. g3 g6 4. Bg2 Bg7 5. d3 d6 6. Be3 e5 7. Qd2 Nge7 8. Bh6 0-0 9. Bxg7 Kxg7 10. Nge2 Nd4 11. Nxd4 cxd4 12. Ne2 f6 13. 0-0 Bg4 14. f3 Be6 15. c3 dxc3 16. bxc3 d5 17. d4 Qc7 18. Qe3 dxe4 19. fxe4 Bc4 20. Rfd1 Rad8 21. Nc1 Qb6 22. Nb3 Bxb3 23. axb3 Nc6 24. Kh1 Rf7 25. Rd3 exd4 26. cxd4 Rxd4 27. Rxd4 Qxd4 28. Qxd4 Nxd4 29. Rxa7 Rc7 30. h4 Nxb3 31. e5 fxe5 32. Rxb7 Rxb7 33. Bxb7 Nc5 34. Bd5 Kf6 35. Kg2 Kf5 36. Kf3 h6 37. g4+ Kf6 38. Ba2 g5 39. h5 Ke7 40. Ke3 Kd6 41. Bf7 Ne6 42. Bg8 Ke7 43. Ke4 Kf6 44. Ke3 Nc5 45. Bd5 Na4 46. Bc6 Nb2 47. Ke4 Nd1 48. Bd7 Nc3+ 49. Kd3 Ke7 50. Bc6 Kd6 51. Bb7 Nd5 52. Ke4 Ne7 53. Ba8 Ke6 54. Bb7 Kf6 55. Ke3 Kf7 56. Kf3 Ke6 57. Ke4 Kd6 58. Ba8 Nc8 59. Kf5 Nb6 60. Bb7 Nd5 61. Kg6 Ne3 62. Bf3 e4 63. Bxe4 Nxg4 64. Bf5 Ne3 65. Kxh6 Nxf5+ 66. Kxg5 1/2-1/2

[Event "GER-ch 78th"]
[Site "Bad Koenigshofen"]
[Date "2007.01.20"]
[Round "2"]
[White "Stanke, Juergen"]
[Black "Koller, Jens"]
[Result "1-0"]
[WhiteElo "2323"]
[BlackElo "2246"]
[PlyCount "59"]
[EventDate "2007.01.19"]
[EventType "swiss"]
[EventRounds "9"]
[EventCountry "GER"]
[SourceTitle "CBM 116 Extra"]
[Source "ChessBase"]
[SourceDate "2007.03.07"]
[SourceVersion "1"]
[SourceVersionDate "2007.03.07"]
[SourceQuality "1"]

1. c4 g6 2. Nc3 Bg7 3. g3 d6 4. Bg2 e5 5. d3 c6 6. e4 Ne7 7. Nge2 0-0 8. 0-0 Be6 9. b3 a6 10. d4 b5 11. d5 Bc8 12. cxb5 axb5 13. dxc6 Nbxc6 14. Be3 b4 15. Na4 Ba6 16. Nb6 Rb8 17. Nc4 f5 18. f3 d5 19. exd5 Nxd5 20. Bc5 Rf6 21. Qc2 Qc7 22. f4 e4 23. Rac1 Rc8 24. Rfd1 Nce7 25. Bd4 Rc6 26. Bxg7 Kxg7 27. Qb2+ Kg8 28. Nd4 Nc3 29. Nxc6 Nxd1 30. Nxe7+ 1-0

[Event "GER CupT qual"]
[Site "Bad Oldesloe"]
[Date "2007.01.13"]
[Round "?"]
[White "Schwarz, Frank"]
[Black "Stanke, Juergen"]
[Result "1-0"]
[WhiteElo "2264"]
[BlackElo "2323"]
[PlyCount "95"]
[EventDate "2007.01.13"]
[EventType "team"]
[EventRounds "1"]
[EventCountry "GER"]
[SourceTitle "EXT 2008"]
[Source "ChessBase"]
[SourceDate "2007.11.25"]
[SourceVersion "1"]
[SourceVersionDate "2007.11.25"]
[SourceQuality "1"]
[WhiteTeam "Kiel Meerbauer"]
[BlackTeam "Hamburger SK"]
[WhiteTeamCountry "GER"]
[BlackTeamCountry "GER"]

1. d4 Nf6 2. Nf3 e6 3. e3 c5 4. c3 b6 5. Nbd2 Bb7 6. Bd3 Be7 7. 0-0 0-0 8. e4 cxd4 9. cxd4 d5 10. e5 Nfd7 11. Re1 Ba6 12. Bb1 Qc7 13. Nf1 Rc8 14. Bg5 Bb4 15. Re3 h6 16. a3 Bf8 17. Rc3 Qb7 18. Qc2 g6 19. Bf4 Rxc3 20. Qxc3 Bxf1 21. Kxf1 Nc6 22. Bd3 Rc8 23. Qd2 g5 24. Be3 Na5 25. Qe2 Nc4 26. Bc1 Qc7 27. h4 Ncxe5 28. dxe5 g4 29. Ne1 h5 30. Bf4 Bg7 31. Ba6 Rf8 32. Rc1 Qb8 33. Nd3 b5 34. f3 gxf3 35. gxf3 Qd8 36. Kg2 Kh8 37. Bg5 Qa5 38. Bc8 Nb6 39. Bd2 Qa4 40. Bb4 Rg8 41. Kh3 Bh6 42. f4 Qb3 43. Rc3 Qa2 44. Qxh5 Rg6 45. Qf3 Rg8 46. Bxe6 fxe6 47. Qh5 Kh7 48. Bf8 1-0

[Event "BL2-Nord 0607"]
[Site "Germany"]
[Date "2006.12.10"]
[Round "4.4"]
[White "List, Joachim"]
[Black "Stanke, Juergen"]
[Result "1-0"]
[WhiteElo "2250"]
[BlackElo "2320"]
[PlyCount "65"]
[EventDate "2006.10.15"]
[EventType "team-tourn"]
[EventRounds "9"]
[EventCountry "GER"]
[SourceTitle "EXT 2008"]
[Source "ChessBase"]
[SourceDate "2007.11.25"]
[SourceVersion "1"]
[SourceVersionDate "2007.11.25"]
[SourceQuality "1"]
[WhiteTeam "Uelzen Post"]
[BlackTeam "Hamburger SK II"]
[WhiteTeamCountry "GER"]
[BlackTeamCountry "GER"]

1. e4 c5 2. Nf3 e6 3. d4 cxd4 4. Nxd4 a6 5. Bd3 Nf6 6. Be3 d5 7. e5 Ne4 8. 0-0 Qc7 9. f4 Bc5 10. c3 b5 11. Nd2 Bb7 12. N2f3 Nd7 13. Qe2 Be7 14. f5 Ndc5 15. Bc2 exf5 16. Nxf5 0-0 17. N3d4 Ne6 18. Qg4 Bc5 19. Kh1 Bxd4 20. Bxd4 g6 21. Bxe4 dxe4 22. Nd6 Nxd4 23. cxd4 Rad8 24. Rad1 f5 25. Rxf5 Rxf5 26. Nxf5 Bc8 27. Nh6+ Kg7 28. Qg5 Rf8 29. d5 Qc5 30. h3 Qf2 31. e6 e3 32. Ng4 Qxb2 33. Qxe3 1-0

[Event "BL2-Nord 0607"]
[Site "Germany"]
[Date "2006.11.19"]
[Round "3.5"]
[White "Stanke, Juergen"]
[Black "Brodowski, Piotr"]
[Result "1/2-1/2"]
[WhiteElo "2320"]
[BlackElo "2320"]
[PlyCount "108"]
[EventDate "2006.10.15"]
[EventType "team-tourn"]
[EventRounds "9"]
[EventCountry "GER"]
[SourceTitle "EXT 2008"]
[Source "ChessBase"]
[SourceDate "2007.11.25"]
[SourceVersion "1"]
[SourceVersionDate "2007.11.25"]
[SourceQuality "1"]
[WhiteTeam "Hamburger SK II"]
[BlackTeam "Ruedersdorf"]
[WhiteTeamCountry "GER"]
[BlackTeamCountry "GER"]

1. c4 Nf6 2. Nc3 d5 3. d4 dxc4 4. e3 e6 5. Bxc4 a6 6. Nf3 Nbd7 7. 0-0 b5 8. Bb3 Bb7 9. Qe2 c5 10. Rd1 Qb8 11. Bc2 Bd6 12. h3 0-0 13. e4 cxd4 14. Nxd4 Rc8 15. a3 h6 16. Bd2 Ne5 17. Be1 Nc4 18. Bb3 Bh2+ 19. Kh1 Be5 20. a4 Na5 21. axb5 Nxb3 22. Nxb3 axb5 23. Qxb5 Bxc3 24. bxc3 Nxe4 25. Qb4 Bd5 26. Rxa8 Qxa8 27. Ra1 Qc6 28. Nd4 Qc7 29. f3 Nc5 30. Ne2 Nb3 31. Bg3 Qc6 32. Re1 Nd2 33. Qf4 Nc4 34. Nd4 Qa6 35. Qc1 Na5 36. Qa1 Qb6 37. Rb1 Qd8 38. Rb5 Nc4 39. Qe1 Qg5 40. Rb8 Rxb8 41. Bxb8 e5 42. Nc2 Qf5 43. Qe2 e4 44. fxe4 Bxe4 45. Bh2 Bd5 46. Nb4 Be6 47. Qd3 Qf2 48. Bg3 Qa7 49. Kh2 Qb7 50. Qd8+ Kh7 51. Qd3+ f5 52. Qd4 g5 53. Nd3 f4 54. Bf2 Qf7 1/2-1/2

[Event "Hamburg-ch int 09th"]
[Site "Hamburg"]
[Date "2006.06.11"]
[Round "9"]
[White "Stanke, Juergen"]
[Black "Meyer, Falko"]
[Result "1-0"]
[WhiteElo "2335"]
[BlackElo "2322"]
[PlyCount "95"]
[EventDate "2006.06.03"]
[EventType "swiss"]
[EventRounds "9"]
[EventCountry "GER"]
[SourceTitle "CBM 112 Extra"]
[Source "ChessBase"]
[SourceDate "2006.07.14"]
[SourceVersion "1"]
[SourceVersionDate "2006.07.14"]
[SourceQuality "1"]

1. d4 Nf6 2. c4 e6 3. Nc3 Bb4 4. e3 0-0 5. Nge2 d6 6. a3 Bxc3+ 7. Nxc3 e5 8. Be2 Nbd7 9. e4 c6 10. Be3 Re8 11. d5 cxd5 12. cxd5 a6 13. 0-0 b5 14. f3 Nh5 15. g3 g6 16. Qd2 f5 17. exf5 gxf5 18. Bd3 Nf8 19. a4 b4 20. Ne2 Nf6 21. a5 Ng6 22. Bc4 f4 23. gxf4 Bh3 24. Rf2 exf4 25. Nxf4 Nxf4 26. Bxf4 Ra7 27. Kh1 Rg7 28. Bh6 Rg6 29. Bd3 Re5 30. Bxg6 hxg6 31. Bg5 Qf8 32. Bxf6 Qxf6 33. Rg1 Qh4 34. Re2 Qh5 35. Qd3 Rxd5 36. Qxg6+ Qxg6 37. Rxg6+ Kf7 38. Rg1 Rxa5 39. Rd1 Rf5 40. Kg1 d5 41. Kf2 Rh5 42. Kg3 Bd7 43. h4 a5 44. Rd4 Be6 45. Re1 Rh8 46. Ra1 Ra8 47. Kf4 Ke7 48. Ke3 1-0

[Event "Hamburg-ch int 09th"]
[Site "Hamburg"]
[Date "2006.06.10"]
[Round "8"]
[White "Reddmann, Hauke"]
[Black "Stanke, Juergen"]
[Result "1/2-1/2"]
[WhiteElo "2331"]
[BlackElo "2335"]
[PlyCount "98"]
[EventDate "2006.06.03"]
[EventType "swiss"]
[EventRounds "9"]
[EventCountry "GER"]
[SourceTitle "CBM 112 Extra"]
[Source "ChessBase"]
[SourceDate "2006.07.14"]
[SourceVersion "1"]
[SourceVersionDate "2006.07.14"]
[SourceQuality "1"]

1. c4 e6 2. Nc3 d5 3. d4 Nf6 4. Bg5 Be7 5. e3 0-0 6. Nf3 h6 7. Bh4 Ne4 8. Bxe7 Qxe7 9. Qc2 Nxc3 10. Qxc3 dxc4 11. Bxc4 b6 12. Rc1 Bb7 13. 0-0 Nd7 14. Rfd1 c5 15. dxc5 Nxc5 16. Qe5 Rac8 17. Nd4 Nd7 18. Qg3 Rc5 19. Bf1 Rfc8 20. Rxc5 Rxc5 21. b4 Rc8 22. Nb5 Nf6 23. Nxa7 Ra8 24. Nb5 Qxb4 25. Qc7 Bd5 26. a3 Qb3 27. Rc1 Ne4 28. Qc2 Qxc2 29. Rxc2 Nc5 30. Nc7 Rxa3 31. Nxd5 exd5 32. Rd2 Kf8 33. Rxd5 Ke7 34. e4 Ra2 35. h4 Rb2 36. f3 Ne6 37. g3 Nc5 38. Bc4 f6 39. Kf1 Rc2 40. Be2 Rb2 41. Kf2 Na4 42. Rd3 Rc2 43. Ke3 Rc3 44. Kd4 Rxd3+ 45. Bxd3 Nc5 46. Bb5 Kd6 47. f4 Nb3+ 48. Kc4 Nd2+ 49. Kd4 Nb3+ 1/2-1/2

[Event "Hamburg-ch int 09th"]
[Site "Hamburg"]
[Date "2006.06.09"]
[Round "7"]
[White "Weiss, Siegfried"]
[Black "Stanke, Juergen"]
[Result "0-1"]
[WhiteElo "2126"]
[BlackElo "2335"]
[PlyCount "43"]
[EventDate "2006.06.03"]
[EventType "swiss"]
[EventRounds "9"]
[EventCountry "GER"]
[SourceTitle "CBM 112 Extra"]
[Source "ChessBase"]
[SourceDate "2006.07.14"]
[SourceVersion "1"]
[SourceVersionDate "2006.07.14"]
[SourceQuality "1"]

1. b3 e5 2. Bb2 Nc6 3. e3 Nf6 4. c4 d5 5. cxd5 Nxd5 6. a3 Bd6 7. Ne2 0-0 8. g3 Be6 9. Bg2 f5 10. Nbc3 Nxc3 11. dxc3 Qe7 12. Qc2 f4 13. gxf4 exf4 14. Bxc6 bxc6 15. e4 f3 16. Ng3 Bf4 17. Nh5 Qf7 18. Nxf4 Bxb3 19. Qd3 Qxf4 20. c4 Rad8 21. Qxb3 Qd2+ 22. Kf1 0-1

[Event "Hamburg-ch int 09th"]
[Site "Hamburg"]
[Date "2006.06.08"]
[Round "6"]
[White "Stanke, Juergen"]
[Black "Engelbert, Christoph"]
[Result "1/2-1/2"]
[WhiteElo "2335"]
[BlackElo "2227"]
[PlyCount "79"]
[EventDate "2006.06.03"]
[EventType "swiss"]
[EventRounds "9"]
[EventCountry "GER"]
[SourceTitle "CBM 112 Extra"]
[Source "ChessBase"]
[SourceDate "2006.07.14"]
[SourceVersion "1"]
[SourceVersionDate "2006.07.14"]
[SourceQuality "1"]

1. g3 g6 2. Bg2 Bg7 3. c4 Nf6 4. Nc3 0-0 5. e4 d6 6. Nge2 Nc6 7. 0-0 e5 8. d3 Nd4 9. Nxd4 exd4 10. Ne2 c5 11. h3 Rb8 12. f4 b5 13. b3 Nd7 14. Kh2 f5 15. exf5 gxf5 16. Ng1 bxc4 17. bxc4 Nb6 18. a4 Na8 19. Bd2 Qd7 20. Rb1 Rxb1 21. Qxb1 Nb6 22. Qb5 Qd8 23. a5 Bd7 24. Qa6 Nc8 25. Re1 Ba4 26. Nf3 h6 27. Qb7 Qd7 28. Qd5+ Kh7 29. Nh4 Rf6 30. g4 Ne7 31. Qb7 Rf7 32. gxf5 Bf6 33. Qxd7 Bxd7 34. Nf3 Bxf5 35. Bf1 Bd7 36. Rb1 Bc6 37. Bg2 Kg6 38. Ne1 Kf5 39. a6 Bxg2 40. Nxg2 1/2-1/2